| 000 | 00915nam a22001815i 4500 | ||
|---|---|---|---|
| 001 | 157735 | ||
| 003 | ES-MaACL | ||
| 005 | 20230906210829.0 | ||
| 008 | 040813s1859 sp |||| | cat d | ||
| 040 |
_aCAM _bspa _cCAM |
||
| 100 | 1 |
_aLiern, Rafael María. _972253 |
|
| 245 | 1 | 4 |
_aLes Elecsions d'un poblet _b: pieza en un acto y en verso / _coriginal de Rafael Maria Liern. |
| 260 |
_aValencia : _b[s.n.], _c1859 ( _fImprenta de Jose Rius) |
||
| 300 |
_a43 p. ; _c19 cm. |
||
| 500 | _aEn port.: "Escrita par el primer actor Joaquin García Parreño y representada por primera vez en el teatro Principal de Valencia la noche del 16 de marzo de 1859" | ||
| 546 | _aTexto en catalán, portada y preliminares en castellano. | ||
| 852 |
_aES-MaACL _jF-8604(14) _z-- Enc. pasta española _q-- Falto de la cub. original _z-- Enc. en un vol. facticio formando parte de la col. facticia "Teatro español moderno", vol. 57 |
||
| 999 |
_c157735 _d157735 |
||